Kurukshetra : (Record no. 137598)

MARC details
000 -LEADER
fixed length control field 00593nam a22001817a 4500
005 - DATE AND TIME OF LATEST TRANSACTION
control field 20170322114247.0
010 ## - LCCN (DPL NO)
LC control number ENG-117253
020 ## - INTERNATIONAL STANDARD BOOK NUMBER
International Standard Book Number 9788178442921
Terms of availability 495.00
035 ## - SYSTEM CONTROL NUMBER
System control number EN-100785
037 ## - SOURCE OF ACQUISITION
Source of stock number/acquisition DBAD/PUB
082 ## - DEWEY DECIMAL CLASSIFICATION NUMBER
Classification number 881
100 ## - MAIN ENTRY--PERSONAL NAME
Personal name Dinkar,Ramdhari Singh
245 ## - TITLE STATEMENT
Title Kurukshetra :
Statement of responsibility, etc by Ramdhari Singh Dinkar ; trancleted by P. Adeswara Rao
Remainder of title light radiates through dialogue /
260 ## - PUBLICATION, DISTRIBUTION, ETC. (IMPRINT)
Place of publication, distribution, etc New Delhi
Name of publisher, distributor, etc K.K. Publication
Date of publication, distribution, etc 2016
270 ## - ADDRESS
Address 4806/24,Bharat Ram Road,Daryaganj
City New Delhi
Postal code 110002
300 ## - PHYSICAL DESCRIPTION
Extent xvi,132p.
Dimensions 22cm(Hb)
942 ## - ADDED ENTRY ELEMENTS (KOHA)
Source of classification or shelving scheme Dewey Decimal Classification
Item type English Books
Classification part 881
Call number suffix DIN
Holdings
Withdrawn status Lost status Not for loan Collection code Home library Current library Date acquired Source of acquisition Cost, normal purchase price Full call number Barcode Copy number Cost, replacement price Koha item type
      Non-fiction Central Jail Tihar Central Jail Tihar 15/02/2017 DBAD/PUB 495.00 881 DIN EN-100785 1 495.00 English Books

© Delhi Public Library
Hit Counter
free hit counter